000 00333nam a2200145Ia 4500
008 150201s1986 xx 000 0 und d
082 _a617
_bE86D
100 _aDUDLEY , HUGH
245 _aROB & SMIT EAR SURGERY
250 _a4TH
260 _bBUTTERWORTH
_aLONDON
_c1986
300 _a1-232
650 _aSURGERY
942 _2ddc
_cBK
999 _c1308
_d1308